书目信息 |
| 题名: |
“后非遗”时代与生态中国之路的思考
|
|
| 作者: | 方李莉 著 | |
| 分册: | ||
| 出版信息: | 北京 文化艺术出版社 2020.06 |
|
| 页数: | 401页 | |
| 开本: | 24cm | |
| 丛书名: | 非物质文化遗产保护理论与方法丛书 | |
| 单 册: | ||
| 中图分类: | G122-53 | |
| 科图分类: | ||
| 主题词: | 非物质文化遗产--保护--中国--文集 | |
| 电子资源: | ||
| ISBN: | 978-7-5039-6685-9 | |
| 000 | 01016oam2 2200253 450 | |
| 001 | 0108153858 | |
| 005 | 20210308154400.0 | |
| 010 | @a978-7-5039-6685-9@dCNY58.00 | |
| 100 | @a20200911d2020 em y0chiy50 ea | |
| 101 | 0 | @achi |
| 102 | @aCN@b110000 | |
| 105 | @ay z 000yy | |
| 106 | @ar | |
| 200 | 1 | @a“后非遗”时代与生态中国之路的思考@A“hou fei yi”shi dai yu sheng tai zhong guo zhi lu de si kao@f方李莉著 |
| 210 | @a北京@c文化艺术出版社@d2020.06 | |
| 215 | @a401页@d24cm | |
| 225 | 2 | @a非物质文化遗产保护理论与方法丛书 |
| 330 | @a本书收录了一些有关非物质文化遗产保护的论文,分为七编,包括非遗保护与文化生态思考、“遗产资源论”的理论思考、“后非遗”时代与文艺复兴、“后非遗”时代的中国实践、“后非遗”时代中的文化思考、艺术乡村建设、非遗保护理论的国际对话。 | |
| 461 | 0 | @12001 @a非物质文化遗产保护理论与方法丛书 |
| 606 | 0 | @a非物质文化遗产@x保护@y中国@j文集 |
| 690 | @aG122-53@v5 | |
| 701 | 0 | @a方李莉@Afang li li@4著@c(女) |
| 801 | 0 | @aCN@bBJSZM@c20210308 |
| 905 | @b1270652-6@dG122-53@e323@f5 | |
| “后非遗”时代与生态中国之路的思考/方李莉著.-北京:文化艺术出版社,2020.06 |
| 401页;24cm.-(非物质文化遗产保护理论与方法丛书) |
| ISBN 978-7-5039-6685-9:CNY58.00 |
| 本书收录了一些有关非物质文化遗产保护的论文,分为七编,包括非遗保护与文化生态思考、“遗产资源论”的理论思考、“后非遗”时代与文艺复兴、“后非遗”时代的中国实践、“后非遗”时代中的文化思考、艺术乡村建设、非遗保护理论的国际对话。 |
| ● |
| 相关链接 |
|
|
|
|
正题名:"后非遗"时代与生态中国之路的思考
索取号:G122-53/323
 
预约/预借
| 序号 | 登录号 | 条形码 | 馆藏地/架位号 | 状态 | 备注 |
| 1 | 1270652 | 212706525 | 第一样本阅览室/ [索取号:G122-53/323] | 在馆 | |
| 2 | 1270653 | 212706534 | 教育系资料室/ [索取号:G122-53/323] | 在馆 | |
| 3 | 1270654 | 212706543 | 教育系资料室/ [索取号:G122-53/323] | 在馆 | |
| 4 | 1270655 | 212706552 | 第四借阅区/ [索取号:G122-53/323] | 在馆 | |
| 5 | 1270656 | 212706561 | 第四借阅区/ [索取号:G122-53/323] | 在馆 |